Možnosti devízového financovania

Nové nadštandardné produkty, ktoré ponúka Prvá komunálna banka. Financovanie zahraničnoobchodných operácií. Bankové záruky. Odkúpenie pohľadávok.

Gespeichert in:
Bibliographische Detailangaben
1. Verfasser: Gazdík, P.
Format: Buchkapitel
Sprache:Slowakisch
Schlagworte:
Tags: Tag hinzufügen
Keine Tags, Fügen Sie das erste Tag hinzu!

MARC

LEADER 00000naa a2200000 4500
001 r026476
005 20230824090220.6
041 0 |a slo 
044 |a SK 
245 1 0 |a Možnosti devízového financovania  |c P. Gazdík 
520 |a Nové nadštandardné produkty, ktoré ponúka Prvá komunálna banka. Financovanie zahraničnoobchodných operácií. Bankové záruky. Odkúpenie pohľadávok. 
610 2 0 |a Slovensko 
610 2 0 |a 1997 
610 2 0 |a financovanie 
610 2 0 |a obchod zahraničný 
610 2 0 |a Prvá komunálna banka, a.s. Bratislava 
610 2 0 |a záruka 
610 2 0 |a pohľadávky 
610 2 0 |a produkty 
100 1 |a Gazdík, P.